Langues les plus parlées en France - Statistiques

Statistiques générales
  • Ce quiz a été pris 1 261 fois
  • Le résultat moyen est 8 sur 10
Statistiques - réponses
% Langue % Correct
96,3 Français
100%
24,2 Anglais
99%
9,1 Espagnol
99%
2,6 Arabe
97%
5,3 Allemand
95%
3,7 Italien
92%
2,4 Portugais
87%
0,3 Néerlandais
57%
0,8 Polonais
40%
0,5 Turc
40%
Aucun quiz correspondant
Distribution des résultats
% des personnes avec chaque résultat
Percentile par nombre de réponses
Votre historique - résultats
Vous n’avez pas pris ce quiz